Plagas y enfermedades de los cítricos / (Registro nro. 62575)
[ vista simple ]
| 000 -LEADER | |
|---|---|
| fixed length control field | 00935nam a2200289 a 4500 |
| 001 - CONTROL NUMBER | |
| control field | 62575 |
| 003 - CONTROL NUMBER IDENTIFIER | |
| control field | Mx-PuUPA |
| 005 - DATE AND TIME OF LATEST TRANSACTION | |
| control field | 20190703113516.0 |
| 008 - FIXED-LENGTH DATA ELEMENTS--GENERAL INFORMATION | |
| fixed length control field | 150515s2001 sp a r 000 0 spa d |
| 020 ## - INTERNATIONAL STANDARD BOOK NUMBER | |
| International Standard Book Number | 84-8476-027-8 |
| 040 ## - CATALOGING SOURCE | |
| Transcribing agency | Mx-PuUPA |
| 041 0# - LANGUAGE CODE | |
| Language code of text/sound track or separate title | spa |
| 082 0# - DEWEY DECIMAL CLASSIFICATION NUMBER | |
| Classification number | 634.39 |
| Item number | TIM |
| 100 1# - MAIN ENTRY--PERSONAL NAME | |
| Personal name | Timmer, L. W. |
| Dates associated with a name | 1941- |
| Fuller form of name | (Lavern Wayne) |
| Relator term | autor |
| 9 (RLIN) | 998 |
| 245 10 - TITLE STATEMENT | |
| Title | Plagas y enfermedades de los cítricos / |
| Statement of responsibility, etc. | L. W. Timmer; S. M. Garnsey; J. H. Graham. |
| 250 ## - EDITION STATEMENT | |
| Edition statement | Segunda edición |
| 264 #1 - PRODUCTION, PUBLICATION, DISTRIBUTION, MANUFACTURE, AND COPYRIGHT NOTICE | |
| Place of production, publication, distribution, manufacture | España : |
| Name of producer, publisher, distributor, manufacturer | Ediciones Mundi-Prensa, |
| Date of production, publication, distribution, manufacture, or copyright notice | 2001 |
| 300 ## - PHYSICAL DESCRIPTION | |
| Extent | 95 páginas : |
| Other physical details | ilustraciones ; |
| Dimensions | 29 cm. |
| 336 ## - CONTENT TYPE | |
| Content type term | texto |
| Source | rdacontent |
| 337 ## - MEDIA TYPE | |
| Media type term | sin mediación |
| Source | rdamedia |
| 338 ## - CARRIER TYPE | |
| Carrier type term | volumen |
| Source | rdacarrier |
| 650 #4 - SUBJECT ADDED ENTRY--TOPICAL TERM | |
| Topical term or geographic name entry element | Cítricos |
| General subdivision | Enfermedades y plagas |
| 700 1# - ADDED ENTRY--PERSONAL NAME | |
| Personal name | Garnsey, Stephen Michael |
| Relator term | autor |
| 9 (RLIN) | 999 |
| 700 1# - ADDED ENTRY--PERSONAL NAME | |
| Personal name | Graham, J. H. |
| Dates associated with a name | 1952- |
| Fuller form of name | (James H.) |
| Relator term | autor |
| 9 (RLIN) | 1000 |
| 740 0# - ADDED ENTRY--UNCONTROLLED RELATED/ANALYTICAL TITLE | |
| Uncontrolled related/analytical title | Compendium of citrus diseases |
| 942 ## - ADDED ENTRY ELEMENTS (KOHA) | |
| Source of classification or shelving scheme | Dewey Decimal Classification |
| Koha item type | Libro |
| Withdrawn status | Lost status | Source of classification or shelving scheme | Damaged status | Not for loan | Collection code | Home library | Current library | Shelving location | Date acquired | Source of acquisition | Inventory number | Total Checkouts | Full call number | Barcode | Date last seen | Date last checked out | Price effective from | Koha item type |
|---|---|---|---|---|---|---|---|---|---|---|---|---|---|---|---|---|---|---|
| Dewey Decimal Classification | General | Biblioteca Karol Wojtyla | Biblioteca Karol Wojtyla | Sala general | 15/05/2015 | Compra | 151000000000000000011904 | 1 | 634.39 TIM 2001 | 93906 | 05/01/2026 | 21/11/2018 | 24/09/2015 | Libro |